000 00469cam a2200145 4500500
005 20260329003406.0
041 _afre
042 _adc
100 1 0 _aPersonne, Thomas
_eauthor
245 0 0 _aLa Voie des Idées. De Descartes à Hume
260 _c2015.
500 _a42
786 0 _nPhilosophie magazine | 91 | 8 | 2015-07-01 | p. 63-63 | 1951-1787
856 4 1 _uhttps://shs.cairn.info/magazine-philosophie-magazine-2015-8-page-63?lang=fr&redirect-ssocas=7080
999 _c1824201
_d1824201